009370000a2200217000450000500170000000800410001702200130005802700060007108200160007710000170009324501950011026000570030530000470036244000490040965000360045865000480049485600590054294200070060195200960060899900150070420240315131735.0230817t ||||| |||| 00| 0 eng d a13591398 a4 a305.48bBAD aBaden, Sally aThe position of women in Islamic countries: possibilities, constraints and strategies for change : breport prepared for Special Programme WID, Netherlands Ministry of Foreign Affairs (DGIS) aBrighton:b Institute of Development Studies, c1992 aiii.,40 p. ; 30 cm.bBibliography included a Bridge briefings on development & genderv4 aMuslim women- Social conditions aWomen- Islamic countries- Social conditions uhttps://thewomenofislam.tripod.com/positionofwomen.pdf cRP 00102ddc4070aMAINbMAINd2023-08-17l0o305.48 BADpRAF3508r2023-08-17w2023-08-17yRP c2659d2659